| 000 | 00512cam a2200193ua 4500 | ||
|---|---|---|---|
| 001 | 11406 | ||
| 005 | 20260515114741.0 | ||
| 008 | 190917n ii |||gr||||Z||||||eng | ||
| 020 | _a9789386053749 | ||
| 040 | _cMAIN | ||
| 082 | _a361.1 | ||
| 100 |
_aVani Prabhakar, _eAuthor. |
||
| 245 |
_aSocial disorganization and deviance _cBy Vani Prabhakar |
||
| 250 | _a1st ed. | ||
| 260 |
_aNew Delhi: _bWisdom press, _c2017. |
||
| 300 | _a203p. | ||
| 653 | _aSocial problems & social welfare in general | ||
| 942 | _cBK | ||
| 999 |
_c10237 _d10237 |
||